000 00440nam a2200169Ia 4500
999 _c3926
_d3926
003 OSt
005 20200707165525.0
008 200103s9999||||xx |||||||||||||| ||und||
020 _a007099059X
040 _aIMU-MPC
_cIMU-KC
082 _a621.815
_bH1741
100 _aHall, Allen S.
245 0 _aSchaum's outline series theory and problems of Machine design
260 _aNew York
_bMcGrawhill
_c1980
300 _a344 p.
942 _cBK
_2ddc